Systems of thought in El Tayeb Salih's Al-Rajul Al-Qubrosi (The Cypriot man)
Interpretation einer Kurzgeschichte des sudanesischen Dichters al-Taiyib Salih. (DÜI-Hns)
| Main Author: | |
|---|---|
| Format: | Print Article |
| Language: | English |
| Check availability: | HBZ Gateway |
| Interlibrary Loan: | Interlibrary Loan for the Fachinformationsdienste (Specialized Information Services in Germany) |
| Published: |
1983
|
| In: |
The search
Year: 1983, Volume: 4, Issue: 1/2, Pages: 77-89 |
| Further subjects: | B
Literature
B Sudan Literature B Sudan |
MARC
| LEADER | 00000caa a22000002c 4500 | ||
|---|---|---|---|
| 001 | 1638143587 | ||
| 003 | DE-627 | ||
| 005 | 20220608121511.0 | ||
| 007 | tu | ||
| 008 | 130704s1983 xx ||||| 00| ||eng c | ||
| 035 | |a (DE-627)1638143587 | ||
| 035 | |a (DE-576)38647799X | ||
| 035 | |a (DE-599)BSZ38647799X | ||
| 035 | |a (DE-615)00181704 | ||
| 040 | |a DE-627 |b ger |c DE-627 |e rakwb | ||
| 041 | |a eng | ||
| 084 | |a RG01.17 |2 fivr | ||
| 084 | |a SG08 |2 fivs | ||
| 084 | |a 0 |2 ssgn | ||
| 100 | 1 | |a Berkley, Constance E. |4 aut | |
| 245 | 1 | 0 | |a Systems of thought in El Tayeb Salih's Al-Rajul Al-Qubrosi (The Cypriot man) |c Constance E. Berkley |
| 264 | 1 | |c 1983 | |
| 300 | |e Lit.Hinw. | ||
| 336 | |a Text |b txt |2 rdacontent | ||
| 337 | |a ohne Hilfsmittel zu benutzen |b n |2 rdamedia | ||
| 338 | |a Band |b nc |2 rdacarrier | ||
| 520 | |a Interpretation einer Kurzgeschichte des sudanesischen Dichters al-Taiyib Salih. (DÜI-Hns) | ||
| 650 | 0 | 7 | |0 (DE-588)4035964-5 |0 (DE-627)106245015 |0 (DE-576)209015608 |a Literatur |2 gnd |
| 650 | 4 | |a Sudan |x Literatur | |
| 651 | 7 | |0 (DE-588)4058378-8 |0 (DE-627)106147560 |0 (DE-576)209125942 |a Sudan |2 gnd | |
| 773 | 0 | 8 | |i In |t The search |d Brattleboro, Vt. : Center, 1980 |g 4(1983), 1/2, Seite 77-89 |w (DE-627)166807893 |w (DE-600)309014-0 |w (DE-576)015253848 |x 0272-5827 |7 nnas |
| 773 | 1 | 8 | |g volume:4 |g year:1983 |g number:1/2 |g pages:77-89 |
| 936 | f | i | |0 (DE-627)1756133638 |a RG01.17 |b Sudan |k Naher und Mittlerer Osten und Nordafrika |k Nordafrika |k Sudan |2 fivr |
| 936 | f | i | |0 (DE-627)1756136084 |a SG08 |b Kultur/Sprache/Kunst |k Gesellschaft |k Kultur/Sprache/Kunst |2 fivs |
| 938 | 1 | 0 | |0 (DE-627)1756218463 |0 (DE-615)6600289 |a Sudan |2 fivt |
| 938 | 1 | 0 | |0 (DE-627)1756212074 |0 (DE-615)6606451 |a Literatur |2 fivt |
| 951 | |a AR | ||
| ELC | |b 1 | ||
| ITA | |a 1 |t 1 | ||
| ORI | |a SA-MARC-ixtheo_oa001.raw | ||
| REL | |a 1 | ||
| STA | 0 | 0 | |a Literature,Literature,Belles-lettres,Sudan,Southern Sudan |
| STB | 0 | 0 | |a Littérature,Littérature |
| STC | 0 | 0 | |a Literatura,Literatura |
| STD | 0 | 0 | |a Letteratura,Letteratura |
| STE | 0 | 0 | |a 文学 |
| STF | 0 | 0 | |a 文學 |
| STG | 0 | 0 | |a Literatura,Literatura |
| STH | 0 | 0 | |a Литература (мотив),Литература |
| STI | 0 | 0 | |a Λογοτεχνία (μοτιβο),Λογοτεχνία |
| SUB | |a REL | ||
| SYE | 0 | 0 | |a Belletristik,Dichtung,Literarisches Kunstwerk,Schöne Literatur,Sprachkunst,Sprachliches Kunstwerk,Wortkunst,Belletristik,Dichtung,Schöne Literatur,Sprachkunst,Wortkunst , Republik Sudan,Republic of Sudan,Demokratische Republik Sudan,Democratic Republic of the Sudan,Republic of the Sudan,as-Sūdān,Ǧumhūrīyat as-Sūdān ad-Dīmuqrāṭīya,Soudan,Ǧumhūrīyat as-Sūdān |
| SYF | 0 | 0 | |a Republik Sudan,Republic of Sudan,Demokratische Republik Sudan,Democratic Republic of the Sudan,Republic of the Sudan,as-Sūdān,Ǧumhūrīyat as-Sūdān ad-Dīmuqrāṭīya,Soudan,Ǧumhūrīyat as-Sūdān |



